Greek, Norse, or Egyptian God? Quiz Stats

 Plays Quiz Updated Oct 6, 2013

Support Sporcle.
Go Orange.
Score 0/30 Timer 03:00
1 Play Today
Name Greek (G), Norse (N), or Egyptian (E)? % Correct
Zeus???
98.4%
Ra???
93.6%
Thor???
93.6%
Loki???
90.5%
Dionysus???
88.1%
Njord???
87.7%
Anubis???
87.1%
Hephaestus???
85.7%
Persephone???
84.7%
Frigg???
82.3%
Hestia???
82%
Nike???
80.6%
Asclepius???
77.8%
Set???
77.8%
Hodr???
76.9%
Name Greek (G), Norse (N), or Egyptian (E)? % Correct
Freya???
76.3%
Plutus???
73.9%
Nemesis???
73.3%
Nut???
71.8%
Bes???
70.2%
Bast???
69.1%
Tefnut???
68.8%
Týr???
68.8%
Mímir???
65.4%
Geb???
60.7%
Hygieia???
58.8%
Neith???
51.3%
Forseti???
49.4%
Nanna???
46.9%
Nephthys???
42%

From the Vault

Criteria Numbers (30-40)

by Babamots

Science 8m
Hopefully this quiz doesn't have your number.
Remove Ads.
Support Sporcle.
Get the best of Sporcle when you Go Orange. This ad-free experience offers more features, more stats, and more fun while also helping to support Sporcle. Thank you for becoming a member.

Show Comments

Extras

Top Quizzes Today


Score Distribution

Your Account Isn't Verified!

In order to create a playlist on Sporcle, you need to verify the email address you used during registration. Go to your Sporcle Settings to finish the process.

Report this User

Report this user for behavior that violates our Community Guidelines.

Details: